Easy Japanese phrase book : over 1500 common phrases for everyday use and travel.
Most textbooks are made to teach you the traditional rules and structures of a language and are great for getting around the grammar and spelling questions you may have. However, how many of them provide you the tools necessary to have a common conversation with a best friend or someone you've...
| Corporate Author: | |
|---|---|
| Format: | Book |
| Language: | English Japanese |
| Published: |
[United States?] :
Lingo Mastery,
c2023.
|
| Subjects: | |
| Classic Catalogue: | View this record in Classic Catalogue |
| LEADER | 02580nam a22003497a 4500 | ||
|---|---|---|---|
| 001 | 45089 | ||
| 003 | BD-DhAAL | ||
| 005 | 20251118160805.0 | ||
| 008 | 251118t2023 xxu e 000 0 eng d | ||
| 020 | |a 9781951949907 (paperback) | ||
| 040 | |a BD-DhAAL |c BD-DhAAL | ||
| 041 | |a jpn |a eng | ||
| 082 | 1 | 4 | |a 495.683421 |2 23 |
| 245 | 0 | 0 | |a Easy Japanese phrase book : |b over 1500 common phrases for everyday use and travel. |
| 246 | 2 | 8 | |a Easy Japanese phrase book |
| 260 | |a [United States?] : |b Lingo Mastery, |c c2023. | ||
| 300 | |a 202 pages ; |b 23 cm | ||
| 520 | |a Most textbooks are made to teach you the traditional rules and structures of a language and are great for getting around the grammar and spelling questions you may have. However, how many of them provide you the tools necessary to have a common conversation with a best friend or someone you've just met? Not many at all. Language learners often complain about this - a lack of material that can help you familiarize yourself with the most common phrases used in everyday conversation and in native surroundings. | ||
| 526 | 8 | |a CSE |x Annajiat Alim Rasel Senior Lecturer Department of Computer Science and Engineering BRAC University Course Name : Japanese Language and General for ITEE (JPN 101) | |
| 541 | 1 | |a Trim Education |e 45089, 45090 | |
| 546 | |a Text in English and Japanese. | ||
| 650 | 0 | |a Japanese language |v Conversation and phrase books |x English. |9 59275 | |
| 650 | 0 | |a Japanese language |v Textbooks for foreign speakers |x English. |9 59285 | |
| 650 | 0 | |a Japanese language |x Study and teaching. | |
| 650 | 0 | |a Japanese language |v Self-instruction. |9 59616 | |
| 650 | 0 | |a Japanese language |x Writing. | |
| 710 | 2 | |a Lingo Mastery (Firm) |9 59819 | |
| 852 | 1 | |a Ayesha Abed Library |c General Stacks | |
| 942 | |c BK |2 ddc | ||
| 999 | |c 47437 |d 47437 | ||
| 952 | |0 0 |1 0 |2 ddc |4 0 |6 495_683421000000000_EAS |7 0 |9 78503 |a BRACUL |b BRACUL |c GEN |d 2025-11-04 |e Trim Education |g 1800.00 |l 0 |o 495.683421 EAS |p 3010045090 |r 2025-11-04 |t 2 |v 3600.00 |w 2025-11-04 |y BK |x Requisitioned by Annajiat Alim Rasel (Senior Lecturer, Department of Computer Science and Engineering, BRAC University) for the course named - 'Japanese Language and General for ITEE (JPN 101)' | ||
| 952 | |0 0 |1 0 |2 ddc |4 0 |6 495_683421000000000_EAS |7 0 |9 78504 |a BRACUL |b BRACUL |c NEW |d 2025-11-04 |e Trim Education |g 1800.00 |l 1 |o 495.683421 EAS |p 3010045089 |r 2026-02-05 |s 2026-02-03 |t 1 |v 3600.00 |w 2025-11-04 |y BK |x Requisitioned by Annajiat Alim Rasel (Senior Lecturer, Department of Computer Science and Engineering, BRAC University) for the course named - 'Japanese Language and General for ITEE (JPN 101)' | ||